MARC

LEADER 00000nam0a2200000 4500
001 20338
005 20231101205342.0
035 |a (RuTPU)RU\TPU\book\20517 
035 |a BOOK00005206 
090 |a 20338 
100 |a 20011209d1980 m y0rusy50 ca 
101 0 |a rus 
102 |a RU 
105 |a y j 000zy 
200 1 |a История этики Дренего мира  |f В. Г. Иванов 
210 |a Ленинград  |c Изд-во ЛГУ  |d 1980 
215 |a 222 с. 
606 |a Этика  |x Древний мир  |2 stltpush  |3 (RuTPU)RU\TPU\subj\21464  |9 46456 
610 1 |a Древний мир 
610 1 |a история 
610 1 |a античная этика 
610 1 |a учебные пособия 
610 1 |a Греция 
610 1 |a Индия 
610 1 |a Китай 
610 1 |a Древний Рим 
610 1 |a учебные пособия 
686 |a Ю7гя7  |v LBC/SL-A  |2 rubbk 
700 1 |a Иванов  |b В. Г.  |g Владимир Георгиевич 
801 0 |a RU  |b 63413507  |c 20011209  |g PSBO 
801 2 |a RU  |b 63413507  |c 20180312  |g PSBO 
942 |c BK